000 00657nam a22002297a 4500
003 OSt
005 20260401160849.0
008 260401b |||||||| |||| 00| 0 eng d
020 _a9781260092721
040 _cDDC
082 _a530 BEE 2019
100 _aBeer, Ferdinand P.; Johnston, E. Russell.; Mazurek, David. F
_912835
245 _aVector Mechanics for Engineers Statics
250 _a12th ed.
260 _aNew York; McGraw hill, 2024
300 _axvi,614p.; Col.ill: 25cm
504 _aAppendix, answers, & index included
650 _aMechanics
_9819
650 _aEngineering
_9373
650 _aStatics
_912295
942 _2ddc
_cO_SHELF
999 _c9622
_d9622